| 000 | 01162nam a22001937a 4500 | ||
|---|---|---|---|
| 003 | JO-AjAnu | ||
| 005 | 20240709084320.0 | ||
| 008 | 240406b jo ||||| |||| 00| 0 ara d | ||
| 040 |
_aJO-AjAnu _bara _cJO-AjAnu |
||
| 041 | 0 |
_aara _hara |
|
| 100 | 1 |
_aالديك، عبدالرحمن ظاهر حسن _eمعد _965310 |
|
| 245 | 1 | 0 |
_aمستوى البرامج التربوية المقدمة للطلبة ذوي صعوبات التعلم وعلاقتها بالمهارات الأكاديمية في مدارس محافظة اربد = Level Educational Programs Offered to Students with Learning Disabilities and their Relationship to Academic Skills in Irbid Governorate Schools / _cاعداد عبدالرحمن ظاهر حسن الديك ؛ اشراف فيصل نواصره |
| 260 | _c2023 | ||
| 300 | _a109 ورقة | ||
| 500 | _aرسالة جامعية ( رسالة ماجستير في صعوبات التعلم) - جامعة عجلون الوطنية ( عجلون، الاردن)، كلية العلوم التربوية، 2023. | ||
| 650 | 7 | 0 |
_aصعوبات التعلم _965311 |
| 700 | 1 |
_aنواصره، فيصل _eمشرف _965312 |
|
| 942 |
_2lcc _cTHS _n0 |
||
| 999 |
_c33431 _d33431 |
||